000 01269nam1a22002651i 4500
001 rc\4930443
005 20260407084022.0
035 _a(NLR Aleph) 008787692
090 _a8021272
_c8021272
100 _a20130426d1958 |||y0rusy50 ca
101 0 _arus
102 _aRU
105 _a z |||||
200 1 _aРазвитие производительных сил Западной Якутии в связи с созданием алмазодобывающей промышленности
_e[Сборник статей
_eВ 3 т.
_fГл. ред. И.С. Рожков]. Т.1-
_gАкад. наук СССР. Сиб. отд-ние. Якут. филиал
210 _aЯкутск
_cБ. и.
_d1958
215 _d23
606 _aАлмазные месторождения
_yЯкутская АССР
_2psbo
606 _aПроизводительные силы
_yЯкутская АССР
_2psbo
606 _aАлмазодобывающая промышленность
_yЯкутская АССР
_2psbo
702 1 _aРожков
_bИ.С.
_gИван Сергеевич
_4340
712 0 2 _aАН СССР
_bЯкутский филиал
_3RU\NLR\AUTH\8811497
_9295673
801 0 _aRU
_bNLR
_gpsbo
801 1 _aRU
_bELAR
_2rusmarc
852 _aNLR
_j59-5/4008
942 _cBOOK